Manuale di diritto penale italiano (Record no. 149301)

MARC details
000 -LEADER
campo de control de longitud fija 00505nam a2200157 i 4500
001 - NÚMERO DE CONTROL
campo de control 149301
003 - IDENTIFICADOR DE NÚMERO DE CONTROL
campo de control ES-MaACL
007 - CAMPO FIJO DE DESCRIPCIÓN FÍSICA--INFORMACIÓN GENERAL
campo de control de longitud fija t|
008 - DATOS DE LONGITUD FIJA--INFORMACIÓN GENERAL
campo de control de longitud fija 071019s1951 it ||||1| ita d
100 1# - ENTRADA PRINCIPAL--NOMBRE DE PERSONA
Nombre de persona Vannini, Ottorino.
9 (RLIN) 113077
245 10 - MENCIÓN DEL TÍTULO
Título Manuale di diritto penale italiano
Resto del título : . Parte speciale : I singoli delitti e le signole contravvenzioni /
Mención de responsabilidad, etc. Ottorino Vannini.
250 ## - MENCION DE EDICION
Mención de edición Nuova ed. riv. e ampl.
260 ## - PUBLICACIÓN, DISTRIBUCIÓN, ETC.
Lugar de publicación, distribución, etc. Milano :
Nombre del editor, distribuidor, etc. A. Giuffré,
Fecha de publicación, distribución, etc. 1951.
300 ## - DESCRIPCIÓN FÍSICA
Extensión 444 p. ;
Dimensiones 22 cm.
852 ## - LOCALIZACIÓN
Ubicación ES-MaACL
Número de control de estantería E-3524
Holdings
Estatus retirado Estado de pérdida Estado de daño No para préstamo Biblioteca de origen Biblioteca actual Ubicación en estantería Fecha de adquisición Fuente de adquisición Total de préstamos Signatura topográfica completa Código de barras Visto por última vez Precio de reemplazo Tipo de ítem Koha
        Biblioteca del Ateneo de Madrid Biblioteca del Ateneo de Madrid Depósito 2 17/01/2008     E-3524 1155798 23/02/2023 23/02/2023 Libro impreso